Postavenie personálnych agentúr na slovenskom trhu v čase hospodárskej krízy

Výber personálnej agentúry. Agentúry špecializované na vyhľadávanie pracovníkov (agentúry typu recritment). Agentúry vyhľadávajúce pracovníkov metódou "Executive Search" alebo tzv. "Headhunters". Personálne agentúry poskytujúce personálny lízing.

Guardado en:
Detalles Bibliográficos
Autor principal: Valentová, Andrea
Formato: Capítulo de libro
Lenguaje:eslovaco
Materias:
Etiquetas: Agregar Etiqueta
Sin Etiquetas, Sea el primero en etiquetar este registro!

MARC

LEADER 00000naa$a2200000$$$4500
001 0096816
005 20230908072138.4
041 0 |a slo 
044 |a SK 
245 1 0 |a Postavenie personálnych agentúr na slovenskom trhu v čase hospodárskej krízy  |c Andrea Valentová 
520 |a Výber personálnej agentúry. Agentúry špecializované na vyhľadávanie pracovníkov (agentúry typu recritment). Agentúry vyhľadávajúce pracovníkov metódou "Executive Search" alebo tzv. "Headhunters". Personálne agentúry poskytujúce personálny lízing. 
610 2 0 |a agentúry 
610 2 0 |a manažment personálny 
610 2 0 |a trh práce 
610 2 0 |a kríza hospodárska 
610 2 0 |a výber zamestnania 
610 2 0 |a lízing personálny 
100 1 |a Valentová, Andrea